000 00600nam a2200205Ii 4500
003 JO-AjNU
008 230605s9999||||xx |||||||||||||| ||und||
017 _a31783
040 _aJO-AjNU
_bara
_erda
_cJO-AjNU
041 _aara
050 1 4 _aPJ7828.D56.A15 1988
100 3 _aتأليف حداد، عقلة,
_eauthor
_949052
245 0 0 _aوسط نجم آخر...!
264 3 1 _aعمان:المؤلف،1987
300 _a103ص
336 _atext
_btxt
_2rdacontent
337 _aunmediated
_bn
_2rdamedia
338 _avolume
_bnc
_2rdacarrier
650 4 _aالأدب العربي - قصص
_949053
999 _aA21521
_c25089
_d25089